| 000 | 00462nam a22001697a 4500 | ||
|---|---|---|---|
| 005 | 20180305143313.0 | ||
| 008 | 160429b xxu||||| |||| 00| 0 eng d | ||
| 020 | _a81-203-0976-6 | ||
| 041 | _aeng | ||
| 082 |
_b00970 _a332.6 |
||
| 100 |
_aFischer, E. Donald and Jordan, J. Ronald _94184 |
||
| 245 | _aSecurity Analysis and Portfolio Management. | ||
| 260 |
_aNew Delhi _bPrenticohall of India _c1995 |
||
| 300 | _a691 | ||
| 650 |
_aManagement _9241 |
||
| 942 | _cBK | ||
| 999 |
_c332 _d332 |
||